00405nam a2200169Ia 4500008004100000020001800041050001400059100001600073245003000089245001500119260001500134260001700149260000900166300001400175300002500189440002100214180207s9999 xx 000 0 und d a9780717285914 bB534 2005 aBerry, Joy. 2aA book about being mean / cJoy Berry. aNew York : bScholastic,  c2005 aunpaged : bcolor illustration ; aHelp me be good!